Logo BPK

Biblioteka

Politechniki Koszalińskiej

Sixth International Symposium on Creep and Coupled Processes : (Rekord nr 37847)

Szczegóły MARC
000 -ETYKIETA REKORDU
podpole kontrolne o stałej długości 00860nam a2200229 i 4500
001 - NUMER KONTROLNY REKORDU
pole kontrolne bg
040 ## - ŹRÓDŁO KATALOGOWANIA
Instytucja, która utworzyła rekord BPK
041 0# - KOD JĘZYKA
Kod języka tekstu en
080 ## - UNIWERSALNA KLASYFIKACJA DZIESIĘTNA - UKD
UKD 539.3/.6(061)
008 - POLE O STAŁEJ DŁUGOŚCI - DANE KONTROLNE
podpole kontrolne o stałej długości s pl f |000 0 pol
111 2# - NAZWA IMPREZY
Nazwa imprezy International Symposium on Creep and Coupled Processes
Oznaczenie części/sekcji/imprezy (6 ;
Data imprezy 1998 ;
Miejsce imprezy Bialowieza).
245 00 - TYTUŁ/ODPOWIEDZIALNOŚĆ
Tytuł Sixth International Symposium on Creep and Coupled Processes :
Ciąg dalszy tytułu 23-25 September, Bialowieza (Poland) : proceedings /
Pozostałe elementy strefy tytułu i oznaczenia odpowiedzialności edts Anatoliusz Jakowluk, Zenon Mróz.
260 ## - STREFA ADRESU WYDAWNICZEGO
Miejsce wydania Bialystok :
Nazwa wydawcy/dystrybutora Technical University of Bialystok,
Data publikacji, dystrybucji/powstania dokumentu 1998.
300 ## - STREFA OPISU FIZYCZNEGO
Objętość 466 s. :
Inne cechy fizyczne rys., wykr. ;
Rozmiary 24 cm.
504 ## - UWAGA DOTYCZĄCA BIBLIOGRAFII
Informacje o bibliografii Bibliogr. przy ref.
650 #9 - HASŁO PRZEDMIOTOWE W FORMIE NAZWY OGÓLNEJ LUB JEDNOSTKOWEJ
Nazwa ogólna lub geograficzna Wytrzymałość materiałów
650 #9 - HASŁO PRZEDMIOTOWE W FORMIE NAZWY OGÓLNEJ LUB JEDNOSTKOWEJ
Nazwa ogólna lub geograficzna Naprężenia i odkształcenia
655 ## - TERMIN INDEKSOWY - OKREŚLENIE RODZAJU/FORMY DOKUMENTU
Określenie rodzaju/formy dokumentu Materiały konferencyjne
700 1# - HASŁO DODATKOWE - NAZWA OSOBOWA
Nazwa osobowa Jakowluk, Anatoliusz
Daty związane z nazwą (1929- ).
Określenie związku między hasłem a opisywanym materiałem Red.
700 1# - HASŁO DODATKOWE - NAZWA OSOBOWA
Nazwa osobowa Mróz, Zenon.
Określenie związku między hasłem a opisywanym materiałem Red.
856 ## - LOKALIZACJA I DOSTĘP DO ELEKTRONICZNYCH DOKUMENTÓW ZDALNYCH
Link (URL) http://koha.tu.koszalin.pl/cgi-bin/koha/opac-detail.pl?biblionumber=37847
Tekst linku Katalog online BPK
942 ## - DODATKOWE ELEMENTY (KOHA)
Typ dokumentu Książka
Egzemplarze
Wycofany Status egzemplarza Uszkodzony Dostępność Lokalizacja stała Lokalizacja bieżąca Miejsce przechowywania Sygnatura Kod kreskowy Typ dokumentu
      Dostępny Biblioteka Politechniki Koszalińskiej Biblioteka Politechniki Koszalińskiej Wypożyczalnia BG 54253 01508956 Książka
© 2023 Biblioteka Politechniki Koszalińskiej :: KOHA